[Event "Timbo op 2nd"]
[Site "Timbo"]
[Date "2022.02.17"]
[Round "1"]
[White "Volkmann, Andre Jordi"]
[Black "Quadra, Derek Erdmann"]
[Result "1-0"]
[WhiteElo "2097"]
[BlackElo "1258"]
[PlyCount "37"]
[EventDate "2022.02.17"]
[EventType "swiss"]
[EventRounds "7"]
[EventCountry "BRA"]
[SourceTitle "EXT 2023"]
[Source "ChessBase"]
[SourceDate "2022.10.05"]
[SourceVersion "1"]
[SourceVersionDate "2022.10.05"]
[SourceQuality "1"]

1. d4 d5 2. c4 e6 3. Nc3 Nf6 4. Bf4 Nbd7 5. e3 c6 6. Nf3 Be7 7. Bd3 0-0 8. cxd5 cxd5 9. 0-0 b6 10. Nb5 Ba6 11. Rc1 Bxb5 12. Bxb5 a6 13. Bc7 Qe8 14. Bc6 Rc8 15. Bb7 Rxc7 16. Rxc7 a5 17. Rc8 Bd8 18. Qc2 Ne4 19. Bc6 1-0

[Event "Santa Catarina-ch 64th "]
[Site "Lages"]
[Date "2020.02.15"]
[Round "4"]
[White "Ribeiro, Thiago"]
[Black "Quadra, Derek Erdmann"]
[Result "0-1"]
[WhiteElo "1424"]
[BlackElo "1251"]
[PlyCount "90"]
[EventDate "2020.02.14"]
[EventType "swiss"]
[EventRounds "6"]
[EventCountry "BRA"]
[SourceTitle "CBM 195 Extra"]
[Source "ChessBase"]
[SourceDate "2020.05.31"]
[SourceVersion "1"]
[SourceVersionDate "2020.05.31"]
[SourceQuality "1"]

1. d4 d5 2. Nf3 Nf6 3. e3 Bf5 4. c4 e6 5. Bd2 Nbd7 6. c5 c6 7. Be2 Be7 8. 0-0 0-0 9. a4 b6 10. b4 Ne4 11. Bd3 Nxd2 12. Qxd2 Bxd3 13. Qxd3 Qc7 14. Nc3 a5 15. bxa5 bxc5 16. dxc5 Nxc5 17. Qc2 Bf6 18. Nd4 Rxa5 19. Ra2 Rb8 20. Rb1 Rxb1+ 21. Qxb1 Nd7 22. Rb2 Rc5 23. Rb7 Qc8 24. Nce2 e5 25. Nf5 g6 26. Nh6+ Kg7 27. Ng4 Rc4 28. Nxf6 Kxf6 29. Rb4 Qa6 30. Rxc4 Qxc4 31. Qd1 Nc5 32. f4 Nxa4 33. fxe5+ Kxe5 34. Kf2 Nc3 35. Nxc3 Qxc3 36. Qf3 Qc2+ 37. Kg3 Qf5 38. Qe2 h5 39. h4 c5 40. Qb2+ Ke4 41. Qc2+ Kxe3 42. Qxc5+ d4 43. Qe7+ Qe4 44. Qxf7 Qg4+ 45. Kh2 Qf4+ 0-1

[Event "Florianopolis op 6th"]
[Site "Florianopolis"]
[Date "2020.01.26"]
[Round "10"]
[White "Meirelles, Olyntho Vitoria"]
[Black "Quadra, Derek Erdmann"]
[Result "0-1"]
[WhiteElo "1440"]
[BlackElo "1275"]
[PlyCount "40"]
[EventDate "2020.01.20"]
[EventType "swiss"]
[EventRounds "10"]
[EventCountry "BRA"]
[SourceTitle "CBM 194 Extra"]
[Source "ChessBase"]
[SourceDate "2020.03.31"]
[SourceVersion "1"]
[SourceVersionDate "2020.03.31"]
[SourceQuality "1"]

1. e4 e6 2. d4 d5 3. f3 c5 4. c3 Nc6 5. Bb5 Nge7 6. Bg5 Qb6 7. Bxc6+ Nxc6 8. b3 cxd4 9. cxd4 Qxd4 10. Qxd4 Nxd4 11. Kd2 b6 12. Ne2 Bc5 13. Be3 Nxe2 14. Bxc5 bxc5 15. Kxe2 Ba6+ 16. Ke3 0-0 17. Nd2 Bb7 18. e5 f6 19. exf6 Rxf6 20. Rac1 Rc8 0-1

[Event "Florianopolis op 6th"]
[Site "Florianopolis"]
[Date "2020.01.24"]
[Round "7"]
[White "Quadra, Derek Erdmann"]
[Black "Do Amaral e Silva, Larissa Blue"]
[Result "0-1"]
[WhiteElo "1275"]
[BlackElo "1610"]
[PlyCount "70"]
[EventDate "2020.01.20"]
[EventType "swiss"]
[EventRounds "10"]
[EventCountry "BRA"]
[SourceTitle "CBM 194 Extra"]
[Source "ChessBase"]
[SourceDate "2020.03.31"]
[SourceVersion "1"]
[SourceVersionDate "2020.03.31"]
[SourceQuality "1"]

1. d4 d5 2. c4 c6 3. Nc3 Nf6 4. Bf4 Bf5 5. Nf3 e6 6. Ne5 Bb4 7. Qb3 Qb6 8. e3 Ne4 9. Rc1 f6 10. c5 Bxc3+ 11. bxc3 Qxb3 12. axb3 fxe5 13. Bxe5 0-0 14. f3 Nf6 15. c4 Nbd7 16. Bd6 Rf7 17. Be2 Ne8 18. Be5 Nxe5 19. dxe5 Nc7 20. g4 Bg6 21. h4 h6 22. h5 Bh7 23. Kf2 Na6 24. Rcg1 Nxc5 25. g5 Ne4+ 26. Ke1 Nxg5 27. f4 Ne4 28. Rg2 Re8 29. Bg4 Ree7 30. Rhg1 Nc5 31. b4 Nd3+ 32. Ke2 Nxb4 33. Bxe6 Rxe6 34. Rxg7+ Rxg7 35. Rxg7+ Kxg7 0-1

[Event "Florianopolis op 6th"]
[Site "Florianopolis"]
[Date "2020.01.20"]
[Round "1"]
[White "Quadra, Derek Erdmann"]
[Black "Correa, Joao Pedro Vieira"]
[Result "0-1"]
[WhiteElo "1275"]
[BlackElo "1665"]
[PlyCount "84"]
[EventDate "2020.01.20"]
[EventType "swiss"]
[EventRounds "10"]
[EventCountry "BRA"]
[SourceTitle "CBM 194 Extra"]
[Source "ChessBase"]
[SourceDate "2020.03.31"]
[SourceVersion "1"]
[SourceVersionDate "2020.03.31"]
[SourceQuality "1"]

1. d4 Nf6 2. Bf4 e6 3. c4 d5 4. Nc3 c6 5. Nf3 Bd6 6. Bxd6 Qxd6 7. c5 Qc7 8. Qc2 Nbd7 9. e4 dxe4 10. Nxe4 Nxe4 11. Qxe4 b6 12. b4 a5 13. Ne5 Nxe5 14. dxe5 axb4 15. Bb5 Bb7 16. Bc4 bxc5 17. 0-0 0-0 18. Rfc1 Ra5 19. Rc2 Rd8 20. h4 Rd4 21. Qe3 Rxh4 22. Rd1 Rd4 23. Rxd4 cxd4 24. Qxd4 Rxe5 25. Rd2 Re1+ 26. Bf1 h6 27. Qxb4 Ba6 28. Rd8+ Qxd8 29. Qxe1 Bxf1 30. Qxf1 Qd4 31. Qa6 c5 32. a4 c4 33. a5 c3 34. Kh2 Qf4+ 35. Kh3 Qf5+ 36. g4 Qf3+ 37. Kh2 Qxf2+ 38. Kh3 c2 39. Qc4 Qf3+ 40. Kh2 Qf2+ 41. Kh3 Qe3+ 42. Kg2 c1Q 0-1

[Event "Blumenau STD op"]
[Site "Blumenau"]
[Date "2018.09.30"]
[Round "5"]
[White "Bahi, Guilherme Falcao"]
[Black "Quadra, Derek Erdmann"]
[Result "0-1"]
[WhiteElo "1173"]
[BlackElo "1791"]
[PlyCount "66"]
[EventDate "2018.09.28"]
[EventType "swiss"]
[EventRounds "6"]
[EventCountry "BRA"]
[SourceTitle "EXT 2020"]
[Source "ChessBase"]
[SourceDate "2019.10.17"]
[SourceVersion "1"]
[SourceVersionDate "2019.10.17"]
[SourceQuality "1"]

1. e4 e5 2. Nf3 Nc6 3. Nc3 d6 4. Bc4 f5 5. 0-0 Nf6 6. d3 Qe7 7. Bg5 f4 8. Nd5 Qd8 9. Nh4 Be6 10. Nc3 Bxc4 11. dxc4 h6 12. Ng6 Rg8 13. Bh4 Qd7 14. Nd5 Qf7 15. c3 0-0-0 16. b4 a6 17. Bxf6 gxf6 18. Qg4+ Qd7 19. Nge7+ Bxe7 20. Nxe7+ Nxe7 21. Qe2 Qg4 22. Qxg4+ Rxg4 23. f3 Rg5 24. h4 Rh5 25. Kh2 Rxh4+ 26. Kg1 f5 27. g3 fxg3 28. Kg2 f4 29. Rh1 Ng6 30. Rxh4 Nxh4+ 31. Kh1 Rg8 32. Rg1 g2+ 33. Kh2 Nxf3+ 0-1

[Event "Blumenau STD op"]
[Site "Blumenau"]
[Date "2018.09.29"]
[Round "4"]
[White "De Castro, Kauan Martins"]
[Black "Quadra, Derek Erdmann"]
[Result "1-0"]
[WhiteElo "1741"]
[BlackElo "1791"]
[PlyCount "107"]
[EventDate "2018.09.28"]
[EventType "swiss"]
[EventRounds "6"]
[EventCountry "BRA"]
[SourceTitle "EXT 2020"]
[Source "ChessBase"]
[SourceDate "2019.10.17"]
[SourceVersion "1"]
[SourceVersionDate "2019.10.17"]
[SourceQuality "1"]

1. Nf3 d5 2. Nc3 Nf6 3. d4 c5 4. dxc5 e6 5. Qd4 Qc7 6. Be3 Nbd7 7. Na4 Nxc5 8. Nxc5 Bxc5 9. Qxc5 Qxc5 10. Bxc5 b6 11. Bd4 Nh5 12. 0-0-0 Ba6 13. g4 Nf4 14. e3 Be2 15. Bxe2 Nxe2+ 16. Kb1 Nxd4 17. Nxd4 0-0-0 18. Nc6 Rd7 19. Rd4 b5 20. Rb4 a6 21. Ne5 Rc7 22. Rb3 f6 23. Nd3 Rd8 24. Nb4 Kb7 25. Ra3 Ra8 26. Rc3 a5 27. Rxc7+ Kxc7 28. Nd3 e5 29. Nc5 Kd6 30. Nb7+ Kc6 31. Nxa5+ Rxa5 32. b4 Ra4 33. c3 d4 34. Rc1 dxc3 35. Rxc3+ Kd5 36. a3 Ra7 37. Rc5+ Ke4 38. Rxb5 Rxa3 39. Rc5 Rb3+ 40. Kc2 Rxb4 41. Rc7 Kf3 42. Rxg7 Rxg4 43. Rxh7 Rg2 44. h4 Rxf2+ 45. Kd3 e4+ 46. Kd4 f5 47. Rf7 Kg4 48. Rh7 Rd2+ 49. Ke5 Re2 50. h5 Kg5 51. Rh8 Rh2 52. h6 Rxh6 53. Rxh6 Kxh6 54. Kxf5 1-0

[Event "Blumenau STD op"]
[Site "Blumenau"]
[Date "2018.09.28"]
[Round "1"]
[White "Quadra, Derek Erdmann"]
[Black "Weise, William Ferreira"]
[Result "0-1"]
[WhiteElo "1791"]
[BlackElo "1754"]
[PlyCount "78"]
[EventDate "2018.09.28"]
[EventType "swiss"]
[EventRounds "6"]
[EventCountry "BRA"]
[SourceTitle "EXT 2020"]
[Source "ChessBase"]
[SourceDate "2019.10.17"]
[SourceVersion "1"]
[SourceVersionDate "2019.10.17"]
[SourceQuality "1"]

1. d4 Nf6 2. Bf4 e6 3. c4 Bb4+ 4. Nd2 Nc6 5. e3 Ne4 6. Ngf3 g5 7. Bg3 g4 8. a3 Ba5 9. b4 Nxb4 10. axb4 Bxb4 11. Ra4 a5 12. Bd3 Nc3 13. Bh4 Be7 14. Qa1 Nxa4 15. Qxa4 gxf3 16. Nxf3 Bxh4 17. 0-0 b6 18. g3 Be7 19. Be4 Rb8 20. Rb1 f5 21. Bd3 Bb7 22. Ne5 Bf6 23. c5 Bxe5 24. dxe5 Bc6 25. Bb5 bxc5 26. Qxa5 Rxb5 27. Rxb5 Bxb5 28. Qxb5 Qa8 29. Qxc5 Qd5 30. Qxc7 0-0 31. h3 Ra8 32. Qc3 Qd1+ 33. Kg2 Ra1 34. Qc8+ Kf7 35. g4 fxg4 36. hxg4 Qd5+ 37. Kh3 Rh1+ 38. Kg3 Rg1+ 39. Kh3 Qh1# 0-1